| 000 | 01322cam a22002777a 4500 | ||
|---|---|---|---|
| 001 | 15552966 | ||
| 003 | NUST - PNEC | ||
| 005 | 20170116181144.0 | ||
| 008 | 081211s2009 maua b 000 0 eng | ||
| 010 | _a 2008051772 | ||
| 020 | _a9781422128848 (pbk. : alk. paper) | ||
| 040 |
_aDLC _cLIBRARY |
||
| 050 | 0 | 0 |
_aHG4028.B8 _bP727 2009 |
| 082 | _a658.154 GIL | ||
| 100 |
_914879 _aHarvard Business School |
||
| 245 | 0 | 0 |
_aPreparing a budget : _bexpert solutions to everyday challenges. _cHarvard Business School |
| 260 |
_aBoston, Mass. : _bHarvard Business Press, _cc2009. |
||
| 300 |
_ax, 85 p. : _bill. ; _c18 cm. |
||
| 490 | 0 | _aPocket mentor series | |
| 504 | _aIncludes bibliographical references. | ||
| 505 | 0 | _aMentor's message : the power of a well-prepared budget -- What is a budget? -- How does the budgeting process work? -- Why is a budget valuable? -- Types of budgets -- Categorizing expenses -- Preparing an operating budget -- Preparing a capital budget -- Tips and tools -- Tools for preparing a budget -- Test yourself -- To learn more. | |
| 650 | 0 |
_aBudget in business. _xMIS |
|
| 906 |
_a7 _bcbc _corignew _d1 _eecip _f20 _gy-gencatlg |
||
| 942 |
_2ddc _cBK |
||
| 999 |
_c70626 _d70626 |
||